000 00503nam a2200193 a 4500
001 9209
003 CO-ViMGA
008 141112s2004 ck r 000 u spa d
040 _aCO-ViMGA
_bspa
_cCO-ViMGA
082 0 4 _a005.369 F297
100 1 _aFeil ; Peter, Ralph Steiner,
_99770
245 1 0 _aEl Gran libro de visual Jtt
260 _aBarcelona :
_bMarcombo,
_c1997
300 _a400p. : il
650 1 4 _aINTERNET
_951
650 1 4 _aJAVA
_953697
650 1 4 _aWORLD WIDE WEB
_99771
942 _2ddc
_cBK
999 _c20748
_d20748